[Event "1st Lido Adriano Open"]
[Site "Ravenna ITA"]
[Date "2011.04.04"]
[Round "3"]
[White "Piscopo, Pierluigi"]
[Black "Addison, Bret C"]
[Result "1/2-1/2"]
[WhiteTitle "IM"]
[WhiteElo "2420"]
[BlackElo "2201"]
[WhiteFideId "809152"]
[BlackFideId "408107"]
[EventDate "2011.04.02"]

1. e4 e5 2. Nf3 Nc6 3. Bc4 Bc5 4. b4 Bxb4 5. c3 Ba5 6. d4 exd4 7. Qb3 Qf6 8. O-O
Bb6 9. e5 Qg6 10. cxd4 Nge7 11. Ba3 O-O 12. d5 Na5 13. Qc3 d6 14. Re1 Nxc4 15.
Qxc4 Bg4 16. Nbd2 Nf5 17. Kf1 Rfe8 18. Qf4 Bxf3 19. Nxf3 Nd4 20. Nxd4 Qd3+ 21.
Kg1 Qxd4 22. Qxd4 Bxd4 23. Rab1 Bxe5 24. Rxb7 Bd4 25. Bb4 Bb6 26. Kf1 Rxe1+ 27.
Bxe1 f6 28. a4 1/2-1/2

[Event "1st Lido Adriano Open"]
[Site "Ravenna ITA"]
[Date "2011.04.04"]
[Round "3"]
[White "Mashinskaya, Iulia"]
[Black "Reuben, Stewart"]
[Result "1/2-1/2"]
[WhiteTitle "IM"]
[BlackTitle "CM"]
[WhiteElo "2350"]
[BlackElo "2129"]
[WhiteFideId "4127609"]
[BlackFideId "405256"]
[EventDate "2011.04.02"]

1. e4 c5 2. Nf3 g6 3. c3 Bg7 4. Bc4 Nc6 5. O-O d6 6. d4 Nf6 7. e5 dxe5 8. Nxe5
Nxe5 9. dxe5 Qxd1 10. Rxd1 Nd7 11. f4 Nb6 12. Be2 Bd7 13. Nd2 Rc8 14. Ne4 c4 15.
Be3 Bc6 16. Bf3 Nd5 17. Nd6+ exd6 18. Bxd5 dxe5 19. Bxa7 O-O 20. fxe5 Bxe5 21.
Bxc4 Bxg2 22. Bxf7+ Rxf7 23. Kxg2 Rc4 24. Rd8+ Kg7 25. Bd4 Bxd4 26. Rxd4 Rxd4
27. cxd4 Rd7 28. Rd1 Kf6 29. Kf3 Kf5 30. a4 g5 31. h3 h5 32. b4 Rd5 33. Ke3 g4
34. hxg4+ hxg4 35. Rh1 Rd7 36. a5 g3 37. Kf3 Rxd4 38. Rh5+ Ke6 39. Rb5 Rd3+ 40.
Kg2 Rd7 41. Kxg3 Rf7 42. Rb6+ Kd5 43. Kg4 Kc4 44. Kg5 Kd5 45. Kg6 Rc7 46. Kf5
Rf7+ 47. Kg5 Rc7 48. Kf4 Rf7+ 49. Ke3 Rh7 50. Kd3 Rc7 51. Rb5+ Kd6 52. Kd4 Rh7
53. Rd5+ Kc7 54. Kc5 Rh6 55. b5 b6+ 56. axb6+ Kc8 57. Rg5 Kb7 58. Rg7+ Kb8 59.
b7 Ka7 60. Kb4 Rb6 61. Ka5 Rxb7 62. b6+ Ka8 63. Rg1 Rh7 64. Ka6 Ra7+ 65. Kb5 Ra2
66. Rg8+ Kb7 67. Rg7+ Kb8 68. Rg5 Rb2+ 69. Kc6 Rc2+ 70. Rc5 Rxc5+ 71. Kxc5 Kb7
72. Kb5 Kb8 73. Kc6 Kc8 74. b7+ Kb8 75. Kb6 1/2-1/2

[Event "1st Lido Adriano Open"]
[Site "Ravenna ITA"]
[Date "2011.04.04"]
[Round "3"]
[White "Ori, Marco"]
[Black "Rivola, Franco"]
[Result "1-0"]
[WhiteElo "2126"]
[BlackElo "2035"]
[WhiteFideId "805050"]
[BlackFideId "813710"]
[EventDate "2011.04.02"]

1. e4 e6 2. d4 d5 3. Nd2 dxe4 4. Nxe4 Bd7 5. Nf3 Bc6 6. Bd3 Nd7 7. O-O Ngf6 8.
Ng3 Be7 9. b3 O-O 10. Bb2 Re8 11. Re1 Bxf3 12. Qxf3 c6 13. c4 Qa5 14. a3 b5 15.
Qxc6 bxc4 16. Bxc4 Rec8 17. Qf3 Rab8 18. b4 Bxb4 19. axb4 Qxb4 20. Ba6 Qxb2 21.
Bxc8 Rxc8 22. Rxa7 Qxd4 23. Ra8 Rxa8 24. Qxa8+ Nf8 25. h3 g6 26. Rb1 Kg7 27. Rb8
Qd1+ 28. Kh2 Qd6 29. Rd8 N8d7 30. Qc8 h5 31. Kg1 Qd1+ 32. Nf1 Qa4 33. Qc3 e5 34.
Ne3 Qh4 35. Qc2 Nf8 36. Ra8 Qb4 37. Qc8 N6d7 38. g4 hxg4 39. hxg4 Qc5 40. Qd8
Qc1+ 41. Kh2 Qc5 42. Qh4 Qd4 43. Rc8 Qf4+ 44. Kg1 e4 45. Ng2 Qe5 46. g5 Qa1+ 47.
Kh2 Qe5+ 48. Nf4 Qd6 49. Kg2 e3 50. Qg3 Qb6 51. Rc2 exf2 52. Rxf2 Qb7+ 53. Kh2
Nc5 54. Qc3+ 1-0

[Event "1st Lido Adriano Open"]
[Site "Ravenna ITA"]
[Date "2011.04.05"]
[Round "4"]
[White "Rombaldoni, Denis"]
[Black "Moradiabadi, Elshan"]
[Result "1/2-1/2"]
[WhiteTitle "IM"]
[BlackTitle "GM"]
[WhiteElo "2498"]
[BlackElo "2537"]
[WhiteFideId "813575"]
[BlackFideId "12501255"]
[EventDate "2011.04.02"]

1. Nf3 Nf6 2. g3 d5 3. Bg2 c6 4. O-O Bg4 5. d4 e6 6. Nbd2 Be7 7. Re1 O-O 8. e4
Na6 9. e5 Nd7 10. Nf1 c5 11. c3 cxd4 12. cxd4 Nb4 13. Ne3 Bh5 14. a3 Nc6 15. b3
Qb6 16. Bb2 Rfc8 17. h4 Na5 18. g4 Bg6 19. h5 Be4 20. Nd2 Bxg2 21. Kxg2 Bg5 22.
Kg3 Be7 23. Rb1 1/2-1/2

[Event "1st Lido Adriano Open"]
[Site "Ravenna ITA"]
[Date "2011.04.05"]
[Round "4"]
[White "Delchev, Aleksander"]
[Black "Ori, Marco"]
[Result "1-0"]
[WhiteTitle "GM"]
[WhiteElo "2625"]
[BlackElo "2126"]
[WhiteFideId "2900394"]
[BlackFideId "805050"]
[EventDate "2011.04.02"]

1. e4 c6 2. d4 d5 3. Nd2 dxe4 4. Nxe4 Nd7 5. Nf3 Ngf6 6. Ng3 e6 7. Bd3 c5 8. O-O
Bd6 9. Qe2 O-O 10. Ne4 Nxe4 11. Qxe4 Nf6 12. Qh4 h6 13. dxc5 Be7 14. Bxh6 Qd5
15. Bg5 Re8 16. Rae1 Qxc5 17. Ne5 Rd8 18. Kh1 a5 19. f4 b5 20. Rf3 Rxd3 21. cxd3
Ra7 22. Rh3 Kf8 23. Qh8+ Ng8 24. Rh7 1-0

[Event "1st Lido Adriano Open"]
[Site "Ravenna ITA"]
[Date "2011.04.05"]
[Round "4"]
[White "Shytaj, Luca"]
[Black "Hasangatin, Ramil"]
[Result "1/2-1/2"]
[WhiteTitle "IM"]
[BlackTitle "GM"]
[WhiteElo "2475"]
[BlackElo "2494"]
[WhiteFideId "812633"]
[BlackFideId "4122160"]
[EventDate "2011.04.02"]

1. e4 d6 2. d4 Nf6 3. Nc3 e5 4. Nf3 Nbd7 5. Bc4 Be7 6. O-O O-O 7. Re1 c6 8. a4
exd4 9. Qxd4 Ne5 10. Nxe5 dxe5 11. Qxd8 Rxd8 1/2-1/2

[Event "1st Lido Adriano Open"]
[Site "Ravenna ITA"]
[Date "2011.04.05"]
[Round "4"]
[White "Vovk, Yuri"]
[Black "Vovk, Andrey"]
[Result "1/2-1/2"]
[WhiteTitle "GM"]
[BlackTitle "GM"]
[WhiteElo "2541"]
[BlackElo "2528"]
[WhiteFideId "14113171"]
[BlackFideId "14114470"]
[EventDate "2011.04.02"]

1. d4 d5 2. Nf3 Nf6 3. c4 c6 4. cxd5 cxd5 5. Nc3 Nc6 6. Bf4 Bf5 7. e3 e6 8. Bd3
Bxd3 9. Qxd3 Bd6 10. Bxd6 Qxd6 11. O-O O-O 12. Rfc1 Rfc8 13. h3 h6 14. Nd2 Nd7
15. a3 Nb6 16. Rc2 a6 17. Rac1 Na5 18. Na4 Rxc2 19. Qxc2 Nxa4 20. Qxa4 Nc6 21.
Qc2 1/2-1/2

[Event "1st Lido Adriano Open"]
[Site "Ravenna ITA"]
[Date "2011.04.05"]
[Round "4"]
[White "Addison, Bret C"]
[Black "Bruno, Fabio"]
[Result "1-0"]
[BlackTitle "IM"]
[WhiteElo "2201"]
[BlackElo "2446"]
[WhiteFideId "408107"]
[BlackFideId "801038"]
[EventDate "2011.04.02"]

1. d4 d5 2. c4 e6 3. Nc3 Nf6 4. cxd5 exd5 5. Bg5 c6 6. e3 Be7 7. Qc2 Nbd7 8. Bd3
Nf8 9. Nf3 Ne6 10. Bh4 g6 11. O-O O-O 12. Rab1 a5 13. a3 Ng7 14. b4 Nf5 15. Bxf6
Bxf6 16. b5 Qd6 17. bxc6 bxc6 18. Na4 Ba6 19. Bxa6 Rxa6 20. Nc5 Ra7 21. Rfc1 Ne7
22. a4 Bg7 23. Rb3 Re8 24. Rcb1 Nf5 25. Nb7 Qc7 26. Nc5 Qd6 27. Nd3 Rc8 28. Rb6
Qc7 29. Qb3 Qd6 30. Rb7 Rxb7 31. Qxb7 Qd8 32. Nfe5 Bxe5 33. Nxe5 Nd6 34. Qd7
Qxd7 35. Nxd7 Nc4 36. g4 Kg7 37. Rb7 h6 38. Kg2 Re8 39. Nc5 g5 40. h3 Rc8 41.
Nd7 Re8 42. Nc5 Rc8 43. Kf1 h5 44. Ke2 hxg4 45. hxg4 Rh8 46. Rc7 Rh6 47. Nb7 Rh4
48. Rxc6 Rxg4 49. Rc5 Rg1 50. Rxd5 f6 51. Rc5 Nb2 52. Rxa5 Ra1 53. Nc5 Ra2 54.
Ra7+ Kg6 55. Kf3 Nd1 56. Ne4 g4+ 57. Kf4 Nb2 58. Ra6 Nd3+ 59. Kxg4 Nxf2+ 60.
Nxf2 Rxf2 61. a5 1-0

[Event "1st Lido Adriano Open"]
[Site "Ravenna ITA"]
[Date "2011.04.05"]
[Round "4"]
[White "Sulskis, Sarunas"]
[Black "Nabaty, Tamir"]
[Result "0-1"]
[WhiteTitle "GM"]
[BlackTitle "GM"]
[WhiteElo "2564"]
[BlackElo "2581"]
[WhiteFideId "12800112"]
[BlackFideId "2809052"]
[EventDate "2011.04.02"]

1. c4 c5 2. Nf3 Nc6 3. Nc3 e5 4. e3 Nf6 5. Be2 d5 6. d4 cxd4 7. exd4 exd4 8.
Nxd4 Bc5 9. Nxc6 bxc6 10. cxd5 cxd5 11. Bb5+ Bd7 12. Bxd7+ Qxd7 13. O-O O-O 14.
Bg5 Qf5 15. Bxf6 Qxf6 16. Rc1 Bb6 17. Qxd5 Rad8 18. Qb3 Rd4 19. Nd5 Qe6 20. Rfd1
Rd8 21. Rxd4 Bxd4 22. Qc4 Bxb2 23. Rd1 g6 24. g3 Kg7 25. Kg2 Rd6 26. Qd3 Be5 27.
Rd2 Rd7 28. h3 h5 29. Qf3 Rd6 30. Nc7 Qe7 31. Rxd6 Bxd6 32. Nd5 Qe5 33. g4 h4
34. Qd3 Bc5 35. a4 Bd4 36. Qf3 a5 37. Nf4 Qe8 38. Qb3 Qe4+ 39. Qf3 Qc2 40. g5
Qxa4 41. Qd5 Ba1 42. Kf3 Qa3+ 43. Kg2 Qb4 44. Kf3 a4 45. Qd8 Be5 46. Nd5 Qd4 47.
Qa5 a3 0-1

[Event "1st Lido Adriano Open"]
[Site "Ravenna ITA"]
[Date "2011.04.05"]
[Round "4"]
[White "Molina, Fabrizio"]
[Black "Svetushkin, Dmitry"]
[Result "0-1"]
[WhiteTitle "FM"]
[BlackTitle "GM"]
[WhiteElo "2220"]
[BlackElo "2543"]
[WhiteFideId "805637"]
[BlackFideId "13900463"]
[EventDate "2011.04.02"]

1. d4 d5 2. Nf3 Nf6 3. g3 c6 4. Bg2 Bf5 5. O-O h6 6. c4 e6 7. b3 Nbd7 8. Bb2 Be7
9. Nc3 O-O 10. Nd2 Qb6 11. e4 dxe4 12. Ndxe4 Nxe4 13. Nxe4 Nf6 14. Qe2 Rfd8 15.
d5 Bxe4 16. Bxe4 cxd5 17. cxd5 Nxe4 18. Qxe4 Rxd5 19. Rad1 Rad8 20. Rxd5 Rxd5
21. Qg4 Bf8 22. Rd1 h5 23. Qe2 Qa6 24. Qxa6 Rxd1+ 25. Qf1 Rxf1+ 26. Kxf1 f6 27.
Ke2 e5 28. Kd3 Kf7 29. Bc1 Ke6 30. Be3 a6 31. h3 Kd5 32. f3 Bc5 33. Bd2 f5 34.
g4 hxg4 35. hxg4 fxg4 36. fxg4 b5 37. Bg5 b4 38. Bd2 e4+ 39. Ke2 e3 40. Be1 Kd4
41. Bg3 Kc3 42. Bf4 g6 43. Be5+ Kc2 0-1

[Event "1st Lido Adriano Open"]
[Site "Ravenna ITA"]
[Date "2011.04.05"]
[Round "4"]
[White "Hoenick, Andreas"]
[Black "Zaslavsky, Mikhail"]
[Result "0-1"]
[WhiteTitle "CM"]
[BlackTitle "IM"]
[WhiteElo "2210"]
[BlackElo "2431"]
[WhiteFideId "4673522"]
[BlackFideId "2807670"]
[EventDate "2011.04.02"]

1. d4 Nf6 2. c4 g6 3. Nc3 d5 4. Bg5 Ne4 5. Bh4 Nxc3 6. bxc3 dxc4 7. e3 Be6 8.
Nf3 Bg7 9. Be2 O-O 10. O-O Nd7 11. Ng5 Bd5 12. e4 h6 13. exd5 hxg5 14. Bxg5 Nb6
15. Qd2 Rb8 16. Rfe1 Bf6 17. Bf4 Qd7 18. h3 Nxd5 19. Bxc4 Nxf4 20. Qxf4 Qc6 21.
d5 Qd6 22. Qxd6 cxd6 23. Rac1 b5 24. Bf1 Rfc8 25. Rb1 Rc5 26. a4 Bxc3 27. Rxe7
b4 28. Bb5 a5 29. Ra7 Rcxb5 30. axb5 Rxb5 31. Kf1 Rxd5 32. Ke2 Rd2+ 33. Ke3 Ra2
34. Rc7 d5 35. Rxc3 bxc3 36. Rc1 Ra4 0-1

[Event "1st Lido Adriano Open"]
[Site "Ravenna ITA"]
[Date "2011.04.05"]
[Round "4"]
[White "Popa, Claudio"]
[Black "Piscopo, Pierluigi"]
[Result "0-1"]
[WhiteTitle "CM"]
[BlackTitle "IM"]
[WhiteElo "2195"]
[BlackElo "2420"]
[WhiteFideId "805904"]
[BlackFideId "809152"]
[EventDate "2011.04.02"]

1. e4 c5 2. c3 Nf6 3. e5 Nd5 4. d4 cxd4 5. cxd4 d6 6. Nf3 Nc6 7. Bc4 e6 8. O-O
Be7 9. exd6 Qxd6 10. Nc3 O-O 11. Re1 Rd8 12. Bb3 Nf6 13. Be3 b6 14. a3 Bb7 15.
Rc1 Rac8 16. Ba2 Qb8 17. Qe2 Bd6 18. h3 Ne7 19. Bg5 Ng6 20. Ne5 Bxe5 21. dxe5
Nd7 22. Bxd8 Rxd8 23. f3 Ndxe5 24. Rcd1 h6 25. Rxd8+ Qxd8 26. Rd1 Qg5 27. Ne4
Bxe4 28. Qxe4 Nf4 29. g4 Nxh3+ 30. Kg2 Nf4+ 31. Kg3 Nh5+ 32. Kh3 Ng6 33. Qe1
Nhf4+ 34. Kh2 Ne5 35. Qg3 h5 36. Rh1 g6 37. gxh5 Qxh5+ 38. Kg1 0-1

[Event "1st Lido Adriano Open"]
[Site "Ravenna ITA"]
[Date "2011.04.05"]
[Round "4"]
[White "Stark, Lars"]
[Black "Casadei, Mauro"]
[Result "1-0"]
[WhiteTitle "IM"]
[WhiteElo "2418"]
[BlackElo "2177"]
[WhiteFideId "4676386"]
[BlackFideId "804002"]
[EventDate "2011.04.02"]

1. c4 e5 2. g3 Nc6 3. Bg2 Nf6 4. Nc3 Bc5 5. a3 a5 6. e3 O-O 7. Nge2 d6 8. h3 Re8
9. O-O Bf5 10. d3 Qd7 11. g4 Bg6 12. Ng3 h6 13. Kh2 Kh8 14. f4 exf4 15. exf4 Nd4
16. f5 Bh7 17. h4 h5 18. gxh5 Bxf5 19. Nxf5 Nxf5 20. Bh3 g6 21. hxg6 fxg6 22. d4
Bxd4 23. Rxf5 gxf5 24. Qxd4 Qg7 25. Qd1 Ng4+ 26. Bxg4 fxg4 27. Bf4 Re6 28. Qd5
g3+ 29. Kg2 Rae8 30. Qh5+ Kg8 31. Qg5 Rg6 32. Qd5+ Kh8 33. Rd1 Qf6 34. Qd4 Qxd4
35. Rxd4 Kh7 36. Bg5 Re1 37. Kxg3 Kg7 38. Nd5 Rge6 39. Bd2 R6e4 40. Bxe1 1-0

[Event "1st Lido Adriano Open"]
[Site "Ravenna ITA"]
[Date "2011.04.06"]
[Round "5"]
[White "Vovk, Andrey"]
[Black "Delchev, Aleksander"]
[Result "1/2-1/2"]
[WhiteTitle "GM"]
[BlackTitle "GM"]
[WhiteElo "2528"]
[BlackElo "2625"]
[WhiteFideId "14114470"]
[BlackFideId "2900394"]
[EventDate "2011.04.08"]

1. e4 e5 2. Nf3 Nc6 3. Bb5 a6 4. Ba4 Nf6 5. O-O Be7 6. d3 d6 7. c3 O-O 8. Re1 b5
9. Bb3 Na5 10. Bc2 c5 11. a4 Be6 12. Nbd2 Nc6 13. Nf1 h6 14. h3 Re8 15. d4 cxd4
16. cxd4 exd4 17. Nxd4 Nxd4 18. Qxd4 Rc8 19. Qd1 d5 20. axb5 axb5 21. e5 Ne4 22.
Bd3 Qc7 23. Bxb5 Red8 24. Qe2 Qxe5 25. Bd3 Bc5 26. Be3 1/2-1/2

[Event "1st Lido Adriano Open"]
[Site "Ravenna ITA"]
[Date "2011.04.06"]
[Round "5"]
[White "Moradiabadi, Elshan"]
[Black "Addison, Bret C"]
[Result "1-0"]
[WhiteTitle "GM"]
[WhiteElo "2537"]
[BlackElo "2201"]
[WhiteFideId "12501255"]
[BlackFideId "408107"]
[EventDate "2011.04.02"]

1. d4 Nf6 2. Nf3 g6 3. c4 Bg7 4. Nc3 d5 5. cxd5 Nxd5 6. e3 O-O 7. Bc4 Nxc3 8.
bxc3 c5 9. O-O Qc7 10. Qe2 b6 11. Bb2 Nc6 12. Rac1 Bb7 13. e4 Rad8 14. Rfd1 e6
15. h3 Na5 16. Bd3 Rd7 17. Bb5 Bc6 18. Bd3 Ba4 19. Re1 Rfd8 20. Ba3 Bc6 21. Bb5
Bxb5 22. Qxb5 Qc6 23. Qxc6 Nxc6 24. dxc5 Rd3 25. cxb6 axb6 26. Re2 Rxc3 27. Rxc3
Bxc3 28. Rc2 Nd4 29. Nxd4 Bxd4 30. Kf1 Ra8 31. Bd6 e5 32. Ke2 Rd8 33. Be7 Re8
34. Bb4 Kg7 35. f3 h5 36. a3 Ra8 37. Kd3 Rd8 38. Kc4 Rc8+ 39. Kb3 Ra8 40. Rc7
Rd8 41. Be7 Ra8 42. Rc6 f5 43. a4 Kf7 44. Bg5 fxe4 45. fxe4 Ra7 46. Bd8 Rd7 47.
Bc7 h4 48. Kc4 g5 49. Kb5 Kg7 50. Rc2 Kg6 51. Kc6 Rf7 52. Kd5 Rd7+ 53. Ke6 Rf7
54. Bxe5 Bxe5 55. Kxe5 Re7+ 56. Kd5 Rd7+ 57. Kc4 Rc7+ 58. Kb3 Re7 59. Rc6+ Kf7
60. Rxb6 Rxe4 61. a5 Re3+ 62. Ka4 Re2 63. Rb3 Rxg2 64. a6 Ra2+ 65. Ra3 Rc2 66.
a7 Rc8 67. Kb5 Ra8 68. Kb6 g4 69. hxg4 Kg6 70. Ra5 Rh8 71. Rh5 1-0

[Event "1st Lido Adriano Open"]
[Site "Ravenna ITA"]
[Date "2011.04.06"]
[Round "5"]
[White "Svetushkin, Dmitry"]
[Black "Rombaldoni, Denis"]
[Result "1-0"]
[WhiteTitle "GM"]
[BlackTitle "IM"]
[WhiteElo "2543"]
[BlackElo "2498"]
[WhiteFideId "13900463"]
[BlackFideId "813575"]
[EventDate "2011.04.02"]

1. e4 c6 2. d4 d5 3. e5 Bf5 4. Nd2 e6 5. Nb3 Nd7 6. Nf3 Ne7 7. Be2 Bg4 8. h3
Bxf3 9. Bxf3 Nf5 10. O-O g6 11. a4 h5 12. a5 Qc7 13. Qd3 Be7 14. c4 a6 15. Bd2
dxc4 16. Qxc4 g5 17. Be4 Ng7 18. Ra4 g4 19. hxg4 hxg4 20. g3 Kf8 21. Qe2 f5 22.
exf6 Nxf6 23. Bg2 Bd6 24. Bg5 Qf7 25. Re1 Kg8 26. Nc5 Nd5 27. Qxg4 Rf8 28. f4
Bxc5 29. dxc5 Qg6 30. Qe2 Qh7 31. Re4 Re8 32. Re5 Kf7 33. Bh4 Nf5 34. Bxd5 Nxg3
35. Bxg3 cxd5 36. Qf3 Reg8 37. Rg5 Qc2 38. Qe3 Rg6 39. f5 1-0

[Event "1st Lido Adriano Open"]
[Site "Ravenna ITA"]
[Date "2011.04.06"]
[Round "5"]
[White "Nabaty, Tamir"]
[Black "Stark, Lars"]
[Result "1-0"]
[WhiteTitle "GM"]
[BlackTitle "IM"]
[WhiteElo "2581"]
[BlackElo "2418"]
[WhiteFideId "2809052"]
[BlackFideId "4676386"]
[EventDate "2011.04.02"]

1. e4 e5 2. Nf3 Nf6 3. d4 Nxe4 4. dxe5 d5 5. Nbd2 Nc5 6. c3 Bf5 7. Nb3 c6 8. Be3
Nbd7 9. Nfd4 Be4 10. f3 Bg6 11. f4 Be4 12. Nd2 Be7 13. Nxe4 Nxe4 14. Bd3 O-O 15.
O-O Bc5 16. Bxe4 dxe4 17. Qc2 Nb6 18. Qxe4 Qd5 19. Qf3 Qxf3 20. Rxf3 Nc4 21. b3
Nxe3 22. Rxe3 Rfd8 23. Re4 Rd5 24. Kf1 Rad8 25. Nf3 Rd3 26. Rc1 Re3 27. Rc4 Rd5
28. b4 Bb6 29. a4 a6 30. Re1 Red3 31. e6 fxe6 32. Rxe6 Rd1+ 33. Ke2 Rc1 34. Ne5
h6 35. Re7 Rc2+ 36. Kf3 Rf2+ 37. Kg3 Rdd2 38. Rxb7 Rxg2+ 39. Kf3 Bg1 40. Rxc6
Bxh2 41. Rc8+ Kh7 42. Rbb8 Rdf2+ 43. Ke4 Rxf4+ 44. Ke3 Rf8 45. Rxf8 Bxe5 46.
Rh8+ Kg6 47. Rb6+ Kf5 48. Rf8+ Bf6 49. Rxa6 Rg3+ 50. Ke2 Rxc3 51. b5 h5 52. b6 1-0

[Event "1st Lido Adriano Open"]
[Site "Ravenna ITA"]
[Date "2011.04.06"]
[Round "5"]
[White "Hasangatin, Ramil"]
[Black "Djingarova, Emilia"]
[Result "1-0"]
[WhiteTitle "GM"]
[BlackTitle "WGM"]
[WhiteElo "2494"]
[BlackElo "2349"]
[WhiteFideId "4122160"]
[BlackFideId "2903229"]
[EventDate "2011.04.02"]

1. e4 e5 2. Nf3 Nc6 3. Bb5 a6 4. Ba4 Nf6 5. Bxc6 dxc6 6. d3 Bd6 7. Nbd2 c5 8.
Nc4 Nd7 9. O-O f6 10. Nh4 Nf8 11. Qh5+ g6 12. Qh6 Qe7 13. f4 exf4 14. Bxf4 Bxf4
15. Rxf4 Be6 16. Raf1 O-O-O 17. Rxf6 Nd7 18. R6f4 Bxc4 19. dxc4 Ne5 20. b3 Rhe8
21. h3 Kb8 22. R4f2 Ka7 23. Nf3 Nxf3+ 24. Rxf3 Qxe4 25. Qxh7 Re7 26. Qh6 Re5 27.
Qf4 Qxf4 28. Rxf4 Rd2 29. R4f2 Rd4 30. Rf6 Rg5 31. R1f4 Rd2 32. Rf2 Rd1+ 33. Kh2
Ra1 34. a4 Rc1 35. h4 Rg4 36. g3 g5 37. Rg6 Re1 38. Rxg5 1-0

[Event "1st Lido Adriano Open"]
[Site "Ravenna ITA"]
[Date "2011.04.06"]
[Round "5"]
[White "Zaslavsky, Mikhail"]
[Black "Valenta, Vit"]
[Result "1-0"]
[WhiteTitle "IM"]
[WhiteElo "2431"]
[BlackElo "2181"]
[WhiteFideId "2807670"]
[BlackFideId "307440"]
[EventDate "2011.04.02"]

1. e4 c5 2. Nf3 e6 3. d4 cxd4 4. Nxd4 a6 5. Bd3 Nc6 6. Nxc6 dxc6 7. O-O e5 8. a4
Be6 9. Be3 Bb4 10. Qe2 Nf6 11. c3 Be7 12. Rd1 Qc8 13. Nd2 O-O 14. a5 Rd8 15. Bb6
Re8 16. Bc4 Bd8 17. Be3 Nd7 18. Bxe6 Rxe6 19. Nc4 Bc7 20. Rd3 Nf8 21. Rad1 Re8
22. Bb6 Qe6 23. Nd6 Bxd6 24. Rxd6 Qb3 25. R1d2 Rac8 26. Qe3 Re6 27. R6d3 Rce8
28. g3 h6 29. Bc5 Nh7 30. Rd7 Nf6 31. Rc7 Ng4 32. Qe2 Nf6 33. f3 Rb8 34. Qd1
Qxd1+ 35. Rxd1 Ne8 36. Rcd7 Nf6 37. Rc7 Ne8 38. Re7 Rxe7 39. Bxe7 f6 40. Bc5 Rc8
41. Bb6 f5 42. exf5 Nf6 43. c4 Re8 44. Bd8 e4 45. Bxf6 gxf6 46. f4 e3 47. Re1 c5
48. Kf1 b6 49. axb6 Rb8 50. Rxe3 Rxb6 51. Re6 1-0

[Event "1st Lido Adriano Open"]
[Site "Ravenna ITA"]
[Date "2011.04.06"]
[Round "5"]
[White "Piscopo, Pierluigi"]
[Black "Sulskis, Sarunas"]
[Result "0-1"]
[WhiteTitle "IM"]
[BlackTitle "GM"]
[WhiteElo "2420"]
[BlackElo "2564"]
[WhiteFideId "809152"]
[BlackFideId "12800112"]
[EventDate "2011.04.02"]

1. e4 e6 2. d4 d5 3. Nc3 Bb4 4. e5 c5 5. a3 Bxc3+ 6. bxc3 Qa5 7. Bd2 Qa4 8. Nf3
b6 9. h4 Ba6 10. h5 Bxf1 11. Kxf1 cxd4 12. cxd4 Nc6 13. Kg1 Nxd4 14. Bb4 Nxf3+
15. Qxf3 Nh6 16. c4 a5 17. Bd2 Qxc4 18. Rc1 Qe4 19. Qxe4 dxe4 20. Rh4 Nf5 21.
Rxe4 O-O 22. Rb1 Rab8 23. g4 Ne7 24. h6 Rfc8 25. hxg7 Nd5 26. Rb3 Kxg7 27. Rh3
Rc2 28. Bh6+ Kh8 29. Rf3 Kg8 30. Rh3 b5 31. Rb3 Rc3 32. Rxc3 Nxc3 33. Re1 b4 34.
axb4 axb4 35. Bd2 Na4 36. Ra1 b3 0-1

[Event "1st Lido Adriano Open"]
[Site "Ravenna ITA"]
[Date "2011.04.06"]
[Round "5"]
[White "Bruno, Fabio"]
[Black "Reuben, Stewart"]
[Result "1-0"]
[WhiteTitle "IM"]
[BlackTitle "CM"]
[WhiteElo "2446"]
[BlackElo "2129"]
[WhiteFideId "801038"]
[BlackFideId "405256"]
[EventDate "2011.04.02"]

1. d4 Nf6 2. Nf3 c5 3. e3 b6 4. c4 g6 5. Nc3 Bg7 6. g3 Bb7 7. d5 d6 8. Bg2 O-O
9. O-O e5 10. e4 Qd7 11. Qd3 Ne8 12. Bd2 Nc7 13. a3 Ba6 14. b4 b5 15. bxc5 bxc4
16. Qe3 dxc5 17. Qxc5 Nb5 18. Nxb5 Qxb5 19. Qxb5 Bxb5 20. Rab1 Ba6 21. Rfc1 Nd7
22. Bb4 Rfc8 23. Bh3 Rd8 24. Be7 Re8 25. Bxd7 Rxe7 26. Bb5 Bxb5 27. Rxb5 Rc8 28.
Rb4 Rec7 29. d6 Rd7 30. Rcxc4 Rxc4 31. Rxc4 Rxd6 32. Rc8+ Bf8 33. Nxe5 f6 34.
Nc6 Kf7 35. Rc7+ Kg8 36. a4 Rd1+ 37. Kg2 Rd2 38. Nxa7 Rd4 39. a5 Rxe4 40. a6 Ra4
41. Rc6 Ra5 42. Rxf6 Bc5 43. Rc6 Kg7 44. Nc8 Kh6 45. Nd6 Ba7 46. h4 Ra2 47. Ne4
Bd4 48. Rd6 Ba7 49. g4 Bb8 50. g5+ 1-0

[Event "1st Lido Adriano Open"]
[Site "Ravenna ITA"]
[Date "2011.04.06"]
[Round "5"]
[White "Ori, Marco"]
[Black "Mashinskaya, Iulia"]
[Result "1-0"]
[BlackTitle "IM"]
[WhiteElo "2126"]
[BlackElo "2350"]
[WhiteFideId "805050"]
[BlackFideId "4127609"]
[EventDate "2011.04.02"]

1. e4 c5 2. Nf3 e6 3. d4 cxd4 4. Nxd4 a6 5. Bd3 Nc6 6. Nxc6 bxc6 7. O-O e5 8. f4
Bc5+ 9. Kh1 Ne7 10. Qh5 d6 11. fxe5 Be6 12. exd6 Bxd6 13. Nd2 Ng6 14. Nc4 Bc7
15. Be3 Rb8 16. a4 O-O 17. b3 Qd7 18. h3 a5 19. Rad1 Rfd8 20. Bg5 f6 21. Be3 Ne5
22. Nxe5 Bxe5 23. Bf4 Bf7 24. Bc4 Qxd1 25. Bxf7+ Kf8 26. Rxd1 1-0

[Event "1st Lido Adriano Open"]
[Site "Ravenna ITA"]
[Date "2011.04.02"]
[Round "1"]
[White "Traversi, Carlo"]
[Black "Reuben, Stewart"]
[Result "0-1"]
[BlackTitle "CM"]
[WhiteElo "1657"]
[BlackElo "2129"]
[WhiteFideId "814202"]
[BlackFideId "405256"]
[EventDate "2011.04.02"]
[EventType "tourn"]

1. e4 c5 2. g3 g6 3. Bg2 Bg7 4. Ne2 Nc6 5. O-O d6 6. Nbc3 e6 7. d3 Nge7 8. Rb1
a6 9. Bf4 e5 10. Bd2 O-O 11. f4 Nd4 12. Nxd4 cxd4 13. Ne2 Be6 14. c4 dxc3 15.
Nxc3 d5 16. a3 dxe4 17. dxe4 Qb6+ 18. Kh1 Rad8 19. Qe2 Qb3 20. Rfd1 Bc4 21. Qf2
Bd3 22. Be3 Bxb1 23. Rxb1 exf4 24. gxf4 0-1